00878naa a22002297a 4500001001000000003000900010005001700019007000300036008003400039040005400073041000900127072001400136100001900150100001600169245008000185500012400265773010800389650001000497650003100507650001100538490009900549BR9201798BR-BrBNA20250721155535.0ta250630b bl.|||m| |||| 00| 0 por d aBR-BrBNAbporcBiblioteca Nacional de Agricultura a(Pt) aF30b01801 aCampos, L.A.C.1 aRiede, C.R.1 aComportamento de cultivares de trigo nas zonas A, C e E do Parana - 1985/89 aResultados da pesquisa com trigo no Parana - 1990 Londrina, PR (Brasil): 1990. p. 23-28 [Summary (Pt)] (BR9201798-AMS) 0 tResultados da pesquisa com trigo no Parana - 1990wF30 BR9201798gLondrina, PR (Brasil), 1990. p. 23-28 aTrigo aComportamento de Variedade aParana aInforme da Pesquisa - Fundacao Instituto Agronomico do Parana (Brazil)vno. 94xISSN 0100-9508